| 000 | 00601nam a2200229Ia 4500 | ||
|---|---|---|---|
| 003 | OSt | ||
| 005 | 20220918175011.0 | ||
| 006 | a|||||r|||| 00| 0 | ||
| 007 | ta | ||
| 008 | 220917b |||||||| |||| 00| 0 eng d | ||
| 024 | _a15,102 | ||
| 037 | _cTextual | ||
| 040 |
_aARTS _cARTS _beng |
||
| 041 |
_2eng _aeng |
||
| 082 | _aOx, H3 | ||
| 245 | 0 |
_aPsychology through literature _b An anthology ed by Caroline Shrodes , etc. |
|
| 260 |
_aNew York _bOUP _c1943 |
||
| 300 |
_axi,389p. _ccm. |
||
| 650 | _aENGLISH LITERATURE | ||
| 942 |
_hOx, H3 _cTEXL _2CC |
||
| 999 |
_c155558 _d155558 |
||